000 00415nam a2200181Ia 4500
001 3082
005 20260306144854.0
008 260306t1996||||xx |||||||||||||| ||spa||
041 _aESP
082 _a249.8
_bJ81C
100 _aJuan Pablo II, Papa
_eAUT
245 0 _aCarta a las familias
260 _c1996
300 _a117 páginas :
_c17 cm.
650 _aGEN
654 _aCHU
942 _cLIB
_dJUS
_fJUS
_2ddc
_n
999 _c3082
_d3082